History Quiz

Random History or Clip Quiz
Score 0/20 Timer 08:00
0 Plays Today
Range Speaker % Correct
1:52-2:01John F. Kennedy
89.2%
0:09-0:29Ronald Reagan
86.5%
3:37-3:52Martin Luther King Jr.
83.2%
4:21-4:31Franklin D. Roosevelt
78.1%
3:53-4:07Rosa Parks
74.6%
1:07-1:21Richard Nixon
70.2%
2:21-2:41Joseph Stalin
66.1%
3:14-3:23J.K. Rowling
61.5%
2:42-2:56Steven Spielberg
54.2%
1:22-1:41Jane Goodall
53.5%
Range Speaker % Correct
0:30-0:41Walt Disney
48.3%
4:32-4:45Elvis Presley
40.3%
2:02-2:20James Watson
38%
2:57-3:13Salvador Dalí
37.4%
0:00-0:08Thomas Alva Edison
36.3%
0:42-0:55Alfred Hitchcock
33.8%
4:08-4:20Sigmund Freud
33.3%
0:56-1:06John Major
33.2%
1:42-1:51Yasser Arafat
29.5%
3:24-3:36Pope John Paul II
25%

You're not logged in!

Compare scores with friends on all Sporcle quizzes.
OR
Log In

Sporcle TV

Today on Sporcle TV


Watch our educational content, quiz creation guides, and fun videos on Sporcle TV.

Show Comments

Extras

Top Quizzes Today


Score Distribution

Paid Content

Your Account Isn't Verified!

In order to create a playlist on Sporcle, you need to verify the email address you used during registration. Go to your Sporcle Settings to finish the process.

Report this User

Report this user for behavior that violates our Community Guidelines.

Details: